000 00692nam a22002057a 4500
999 _c17331
_d17331
003 AR-CdUCM
008 190228b ||||| |||| 00| 0 spa d
040 _aMUNICIPALIDAD PROVINCIAL DEL CUSCO
_cBIBLIOTECA MUNICIPAL DEL CUSCO
082 _a345.7 /
_bC73
110 _aSesator.
_937289
245 _aCódigos de procedimientos Civiles :
_bActualizado /
260 _aLima :
_bSesator,
_c1983.
300 _a407 páginas ;
_c18 cm.
505 _aContenido :Las ultimas disposiciones legales modificatorias ...
650 _aDisposiciones aplicables.
_97110
650 _aJuicios.
_97111
650 _aProcedimientos no consentidos.
_97112
942 _2ddc
_cLIBROS
945 _arum
_d2019-05-08